000 01819nam0a2200409 4500
001 RU\NLR\BIBL_A\012659047
005 20220222120924.0
010 _a978-5-6046174-9-6
_9300
021 _aRU
_bКН-П-21-050605
_9КН-П-21-3979
035 _a(NLR Aleph) 012659047
090 _a12749905
_c12749905
100 _a20211206d2021 k y0rusy50 ca
101 0 _arus
102 _aRU
105 _aa z 000zy
181 0 _ai
_baxxe
182 0 _an
200 1 _aВозможности биотехнологии в реализации глобальных экологических проблем
_fД. В. Компанцев, Л. П. Лежнева, А. А. Чахирова
203 _aТекст
_bвизуальный
_cнепосредственный
210 _aПятигорск
_cРИА-КМВ
_d2021
215 _a119, [1] с.
_cил.
_d21
320 _aБиблиогр.: с. 112-119 (95 назв.)
606 1 _aСточные воды
_xОчистка
_xБиологические методы
_91081009
_3RU\NLR\AUTH\66103702
606 1 _aОтходы
_xУтилизация
_xЭкологическая безопасность
_92441741
_3RU\NLR\AUTH\6601670370
606 1 _aГазы
_xОчистка
_xБиологические методы
_92501281
_3RU\NLR\AUTH\6601698962
606 1 _aБиогаз
_xБиотехнология
_92377767
_3RU\NLR\AUTH\661418836
686 1 _aН761.204.4
686 1 _aЖ69
686 1 _aЛ111.5-1с6
686 1 _aЛ534
700 1 _aКомпанцев
_bД. В.
_gДмитрий Владиславович
701 1 _aЛежнева
_bЛ. П.
701 1 _aЧахирова
_bА. А.
_gАнна Анатольевна
942 _cBOOK
980 _aNB